00182nam a22000977a 4500003000400000082001400004100001600018245002400034260001800058300000800076SGT a200bU16K aKUMAR, B.B. aUNDERSTANDING ISLAM bVIMARSHc2016 a435